The relationship between shame and guilt: cultural comparisons between Ireland and the United Arab Emirates

The current study examines whether proneness to shame and guilt is related to the cultural dimensions of collectivism and individualism. Two groups of participants from Ireland (n = 120) and the United Arab Emirates (UAE) (n = 115) completed measures assessing collectivism, individualism, and shame...

Full description

Saved in:  
Bibliographic Details
Authors: Grey, Ian (Author) ; Daly, Rebecca (Author) ; Thomas, Justin (Author) ; Marassas, Walaa (Author)
Format: Electronic Article
Language:English
Check availability: HBZ Gateway
Interlibrary Loan:Interlibrary Loan for the Fachinformationsdienste (Specialized Information Services in Germany)
Published: 2018
In: Mental health, religion & culture
Year: 2018, Volume: 21, Issue: 3, Pages: 221-230
Further subjects:B Shame
B Individualism
B Guilt
B Collectivism
Online Access: Volltext (lizenzpflichtig)

MARC

LEADER 00000naa a22000002c 4500
001 183900326X
003 DE-627
005 20230313102949.0
007 cr uuu---uuuuu
008 230313s2018 xx |||||o 00| ||eng c
024 7 |a 10.1080/13674676.2018.1455651  |2 doi 
035 |a (DE-627)183900326X 
035 |a (DE-599)KXP183900326X 
040 |a DE-627  |b ger  |c DE-627  |e rda 
041 |a eng 
084 |a 0  |2 ssgn 
100 1 |a Grey, Ian  |e VerfasserIn  |4 aut 
245 1 4 |a The relationship between shame and guilt: cultural comparisons between Ireland and the United Arab Emirates 
264 1 |c 2018 
336 |a Text  |b txt  |2 rdacontent 
337 |a Computermedien  |b c  |2 rdamedia 
338 |a Online-Ressource  |b cr  |2 rdacarrier 
520 |a The current study examines whether proneness to shame and guilt is related to the cultural dimensions of collectivism and individualism. Two groups of participants from Ireland (n = 120) and the United Arab Emirates (UAE) (n = 115) completed measures assessing collectivism, individualism, and shame and guilt proneness. Results indicated that both samples displayed similar levels of individualism and collectivism. The UAE sample reported significantly higher levels of guilt proneness and shame proneness characterised by negative self-evaluation. In contrast, the Irish sample displayed significantly higher levels of shame characterised by withdrawal tendencies. Guilt was positively correlated with individualism, but shame was not correlated with either scores on collectivism or individualism. Young Arab women appear to experience higher levels of guilt and shame characterised by negative self-evaluation in comparison to their Irish counterparts who displayed higher levels of guilt proneness. 
650 4 |a Individualism 
650 4 |a Collectivism 
650 4 |a Guilt 
650 4 |a Shame 
700 1 |a Daly, Rebecca  |e VerfasserIn  |4 aut 
700 1 |a Thomas, Justin  |e VerfasserIn  |4 aut 
700 1 |a Marassas, Walaa  |e VerfasserIn  |4 aut 
773 0 8 |i Enthalten in  |t Mental health, religion & culture  |d London [u.a.] : Taylor & Francis, 1998  |g 21(2018), 3, Seite 221-230  |h Online-Ressource  |w (DE-627)320602273  |w (DE-600)2020319-6  |w (DE-576)096290595  |x 1469-9737  |7 nnas 
773 1 8 |g volume:21  |g year:2018  |g number:3  |g pages:221-230 
856 4 0 |u https://doi.org/10.1080/13674676.2018.1455651  |x Resolving-System  |z lizenzpflichtig  |3 Volltext  |7 1 
951 |a AR 
ELC |a 1 
ITA |a 1  |t 1 
LOK |0 000 xxxxxcx a22 zn 4500 
LOK |0 001 4288603145 
LOK |0 003 DE-627 
LOK |0 004 183900326X 
LOK |0 005 20230313102949 
LOK |0 008 230313||||||||||||||||ger||||||| 
LOK |0 040   |a DE-Tue135  |c DE-627  |d DE-Tue135 
LOK |0 092   |o n 
LOK |0 852   |a DE-Tue135 
LOK |0 852 1  |9 00 
LOK |0 935   |a ixzs  |a ixzo  |a rwrk 
LOK |0 939   |a 13-03-23  |b l01 
ORI |a SA-MARC-ixtheoa001.raw 
REL |a 1 
SUB |a REL